Statistiques concernant Devinez le personnage mythologique - Facile

Cliquez ici pour prendre le quiz!

Statistiques générales

  • Ce quiz a été pris 64 fois
  • Le résultat moyen est 11 sur 15

Statistiques - réponses

MythologieCaractéristique 1Caractéristique 2Réponse% Correct
NordiqueFoudreMarteauThor
95%
GrecqueGorgoneSerpentMéduse
89%
RomaineFoudreRoiJupiter
87%
ArthurienneExcaliburCamelotRoi Arthur
84%
GrecqueCeintureAmourAphrodite
80%
GrecqueDemi-dieuTravauxHéracles
80%
RomaineGuerreFeuMars
80%
EgyptienneSoleilFaucon
76%
GrecqueSphinxIncesteŒdipe
73%
EgyptienneChacalMortAnubis
69%
GrecqueAileSoleilIcare
67%
RomaineIvresseVinBacchus
65%
NordiqueMaliceGéantLoki
64%
RomaineSagesseCasqueMinerve
45%
SlaveSorcièreVieilleBaba Yaga
38%

Distribution des résultats

Percentile par nombre de réponses

% des personnes avec chaque résultat

Votre développement - résultats

Vous n’avez pas pris ce quiz